|
|
|
|
| LEADER |
01313nam a2200349 a 4500 |
| 001 |
000269183 |
| 003 |
CZ BrMZK |
| 005 |
20090415070114.0 |
| 008 |
980107s1997 xr f cze d |
| 015 |
|
|
|a cnb000278490
|
| 020 |
|
|
|a 80-86034-15-1
|
| 035 |
|
|
|a (OCoLC)38296569
|
| 040 |
|
|
|a BOA001
|b cze
|
| 080 |
|
|
|a 57/59:37.02(075.2)
|2 MRF
|
| 080 |
|
|
|a 57/59:37.02(075.3)
|2 MRF
|
| 080 |
|
|
|a 372.857/.859:37.02(075.2)
|2 MRF
|
| 080 |
|
|
|a 372.857/.859:37.02(075.3)
|2 MRF
|
| 100 |
1 |
|
|a Maleninský, Miroslav
|7 mzk2004242314
|4 aut
|
| 245 |
1 |
0 |
|a Příručka k učebnici přírodopisu Zoologie 1 pro základní školy a nižší stupeň víceletých gymnázií /
|c [autor:] Miroslav Maleninský
|
| 246 |
3 |
3 |
|a Příručka k učebnici Zoologie 1
|
| 250 |
|
|
|a 1. vyd.
|
| 260 |
|
|
|a Praha :
|b Nakladatelství České geografické společnosti,
|c 1997
|
| 300 |
|
|
|a 35 s. ;
|c 20 cm
|
| 490 |
1 |
|
|a Natura
|
| 500 |
|
|
|a V tir. náz.: Příručka k učebnici Zoologie 1. - Bibliogr. s. 32-33
|
| 653 |
0 |
|
|a přírodopis
|a zoologie
|
| 830 |
|
0 |
|a Natura
|0 s
|
| 910 |
|
|
|a BOA001
|b PK-0128.958
|
| 964 |
|
|
|a Přírodopis
|x metodiky
|x školy základní
|
| 964 |
|
|
|a Přírodopis
|x metodiky
|x školy střední
|
| 990 |
|
|
|a BK
|
| 996 |
7 |
|
|b 3119010439
|c PK-0128.958
|l MZK
|r Sklad / do 1 hodiny
|n 3
|p p.v.
|w 000269183
|u 000010
|a 1
|e BOA001
|j MZK50
|s A
|